Die 155 besten Rock & Pop Bands aller Zeiten - Statistiken

Allgemein
  • Dieses Quiz wurde 423 mal gespielt
  • Das Durchschnittsergebnis liegt bei 46 aus 155
Antwortstatistiken
Bsp. Hits 🎶 🚩 Interpret(en) % Korrekt
🎶 Highway to Hell 🎶 Hells Bells 🌏 AUS AC / DC
95%
🎶 Waterloo🎶 Super Trouper 🇸🇪 ABBA
94%
🎶 Bohemian Rhapsody 🎶 We Will Rock you 🇬🇧 Queen
88%
🎶 Take on Me 🎶 Foot of the Mountain 🇳🇴 A - ha
82%
🎶 Hey Jude 🎶 Yellow Submarine 🇬🇧 The Beatles
82%
🎶 Runnin' With the Devil 🎶 Why Can't This be Love 🇺🇸 Van Halen
81%
🎶 Living on a Prayer 🎶 It's my Life 🇺🇸 Bon Jovi
79%
🎶 Nothing Else Matters 🎶 Enter Sandman 🇺🇸 Metallica
74%
🎶 I Want it That Way 🎶 Quit Playing Games With My Heart 🇺🇸 Backstreet Boys
73%
🎶 Welcome to the Jungle 🎶 Knockin on Heaven's Door 🇺🇸 Guns N' Roses
72%
🎶 Viva la Vida 🎶 Princess of China 🇬🇧 Coldplay
70%
🎶 Paranoid 🎶 Neon Knights 🇬🇧 Black Sabbath
69%
🎶 I Don't Wanna Miss a Thing 🎶 Walk This Way 🇺🇸 Aerosmith
68%
🎶 21 Guns 🎶 Boulevard of Broken Dreams 🇺🇸 Green Day
68%
🎶 Smells Like Teen Spirit 🎶 Lithium 🇺🇸 Nirvana
68%
🎶 Don't Look Back in Anger 🎶 Wonderwall 🇬🇧 Oasis
68%
🎶 The Time - Dirty Bit 🎶 I Gotta Feeling 🇺🇸 The Black Eyed Peas
67%
🎶 I Was Made For Loving You 🎶 Christine Sixteen 🇺🇸 Kiss
66%
🎶 Satisfaction 🎶 Angie 🇬🇧 The Rolling Stones
66%
🎶 Another Brick in the Wall 🎶 See Emily Play 🇬🇧 Pink Floyd
65%
🎶 Sultan of Swing 🎶 Brothers in Arms 🇬🇧 Dire Straits
63%
🎶 Whole Lotta Love 🎶 Stairway to Heaven 🇬🇧 Led Zeppelin
61%
🎶 Losing my Religion 🎶 Everybody Hurts 🇺🇸 R. E. M.
61%
🎶 Last Christmas 🎶 Wake Me Up Before You Go Go 🇬🇧 Wham!
61%
🎶 Killing in the Name 🎶 Bullet in the Head 🇺🇸 Rage Against The Machine
59%
🎶 Hold the Line🎶 Africa 🇺🇸 Toto
59%
🎶 Child in Time 🎶 Smoke on the Water 🇬🇧 Deep Purple
58%
🎶 Hotel California 🎶 Heartache Tonight 🇺🇸 Eagles
57%
🎶 With Or Without You 🎶 Beautiful Day 🇮🇪 U2
57%
🎶 Surfin' USA 🎶 Sloop John B. 🇺🇸 Beach Boys
55%
🎶 What I've Done 🎶 Burn it Down 🇺🇸 Linkin Park
52%
🎶 This Love 🎶 Moves Like Jagger 🇺🇸 Maroon 5
52%
🎶 Walking On the Moon 🎶 Every Breath You Take 🇬🇧 The Police
52%
🎶 Creep🎶 Pyramid Song 🇬🇧 Radiohead
50%
🎶 Wannabe🎶 Viva Forever 🇬🇧 Spice Girls
50%
🎶 How You Remind Me 🎶 Rockstar 🍁 Nickelback
49%
🎶 Give it Away 🎶 Black Summer 🇺🇸 Red Hot Chili Peppers
48%
🎶 Don't Stop Believin'🎶 When You Love a Woman 🇺🇸 Journey
47%
🎶 Zombie 🎶 Salvation 🇮🇪 The Cranberries
46%
🎶 The Sound of Silence 🎶 Bridge Over Troubled Water 🇺🇸 Simon & Garfunkel
45%
🎶 Always On my Mind 🎶 Go West 🇬🇧 Pet Shop Boys
43%
🎶 No Son of Mine 🎶 I Can't Dance 🇬🇧 Genesis
41%
🎶 You Win Again 🎶 Night Fever 🇬🇧 Bee Gees
40%
🎶 Holding Back the Years 🎶 Sunrise 🇬🇧 Simply Red
40%
🎶 The Sound of Silence 🎶 Down With the Sickness 🇺🇸 Disturbed | Brawl
39%
🎶 Ace of Spades 🎶 Be My Baby 🇬🇧 Motörhead
39%
🎶 Listen to your Heart 🎶 It Must have been Love 🇸🇪 Roxette
39%
🎶 Eat You Alive 🎶 Behind Blue Eyes 🇺🇸 Limp Bizkit
38%
🎶 Apologize 🎶 Counting Stars 🇺🇸 One Republic
38%
🎶 Best Song Ever 🎶 Story of my Life 🇬🇧 🇮🇪 One Direction
36%
🎶 Dream On 🎶 People are People 🇬🇧 Depeche Mode
35%
🎶 Blitzkrieg Bop 🎶 Sheena is a Punk Rocker 🇺🇸 Ramones
35%
🎶 Back For Good 🎶 These Days 🇬🇧 Take That
35%
🎶 California Dreamin'🎶 Dream a Little Dream if Me 🇺🇸 The Mamas & The Papas
35%
🎶 My Generation 🎶 You Better You Bet 🇬🇧 The Who
35%
🎶 This is a Call 🎶 Learn to Fly 🇺🇸 Foo Fighters
33%
🎶 Friday I'm in Love 🎶 Boy's Don't Cry 🇬🇧 The Cure
32%
🎶 More Than a Feeling 🎶 Don't Look Back 🇺🇸 Boston
31%
🎶 Cold as Ice 🎶 I Want to Know What Love is 🇬🇧 🇺🇸 Foreigner
31%
🎶 Gimme 3 Steps 🎶 Sweet Home Alabama 🇺🇸 Lynyrd Skynyrd
31%
🎶 Born to be Wild 🎶 Magic Carpet Ride 🇺🇸 🍁 Steppenwolf
31%
🎶 Bankrobber🎶 Should I Stay or Should I Go 🇬🇧 The Clash
31%
🎶 Heart of Glass 🎶 The Tide is High 🇺🇸 Blondie
30%
🎶 Rockin' All Over the World 🎶 In the Army Now 🇬🇧 Status Quo
30%
🎶 God Save the Queen 🎶 Anarchy in the UK 🇬🇧 The Sex Pistols
30%
🎶 Sweet Dreams 🎶 There Must be an Angel 🇬🇧 Eurythmics
29%
🎶 Light My Fire 🎶 Touch Me 🇺🇸 The Doors
29%
🎶 You Sexy Thing 🎶 Tears on the Telephone 🇬🇧 Hot Chocolate
28%
🎶 Gimme All Your Lovin 🎶 Sleeping Bag 🇺🇸 ZZ Top
28%
🎶 The Power of Love 🎶 Relax 🇬🇧 Frankie Goes to Hollywood
26%
🎶 The Wild Boys 🎶 A View to a Kill 🇬🇧 Duran Duran
25%
🎶 Breaking the Law 🎶 Take on the World 🇬🇧 Judas Priest
25%
🎶 Do Wah Diddy Diddy 🎶 Mighty Quinn 🇬🇧 🇿🇦 Manfred Man's Earth Band
24%
🎶 Albatross 🎶 Little Lies 🇬🇧 Fleetwood Mac
23%
🎶 Pretty Noose 🎶 Black Hole Sun 🇺🇸 Soundgarden
23%
🎶 Truganini🎶 Beds are Burning 🌏 AUS Midnight Oil
22%
🎶 Why Don't you get a Job? 🎶 Staring at the Sun 🇺🇸 The Offspring
21%
🎶 Living Next Door to Alice 🎶 Needles & Pins 🇬🇧 Smokie
20%
🎶 Chasing Cars 🎶 Shut Your Eyes 🇬🇧 Snow Patrol
20%
🎶 Lady in Black 🎶 Spider Woman 🇬🇧 Uriah Heep
20%
🎶 25 or 6 to 4🎶 Hard to Say I'm Sorry 🇺🇸 Chicago
19%
🎶 The Wicker Man 🎶Wildest Dreams 🇬🇧 Iron Maiden
19%
🎶 Sirens 🎶 Last Kiss 🇺🇸 Pearl Jam
19%
🎶 Whiskey in the Jar 🎶 The Boys are Back in Town 🇮🇪 Thin Lizzy
19%
🎶 Down in a Hole 🎶 Get Me Wrong 🇺🇸 Alice in Chains
18%
🎶 Hey Tonight 🎶 Long as I can See the Light 🇺🇸 Creedence Clearwater Revival | CCR
18%
🎶 Black Magic Woman 🎶 Into the Night 🇺🇸 Santana
18%
🎶 Heat of the Moment 🎶 Only Time will Tell 🇬🇧 Asia
17%
🎶 This Flight Tonight 🎶 Love Hurts 🏴󠁧󠁢󠁳󠁣󠁴󠁿 Nazareth
17%
🎶 Don't You 🎶 This is Your Land 🇬🇧 Simple Minds
17%
🎶 Don't You Want Me 🎶 Love Action - I Believe in Love 🇬🇧 The Human League
17%
🎶 An Angel 🎶 The Children of Kosovo 🇮🇪 🇺🇸 The Kelly Family
17%
🎶 Knights of Cydonia 🎶 Supermassive Black Hole 🇬🇧 Muse
16%
🎶 You Ain't seen Nothing Yet 🎶 Roll on Down the Highway 🍁 Bachmann - Turner Overdrive
15%
🎶 Ulysses 🎶 Take Me Out 🏴󠁧󠁢󠁳󠁣󠁴󠁿 Franz Ferdinand
15%
🎶 Maid of Orleans 🎶 Sailing on the Seven Seas 🏴󠁧󠁢󠁥󠁮󠁧󠁿 OMD | Orchestral Manoeuvres in the Dark
15%
🎶 I Got You Babe 🎶 Red Red Wine 🇬🇧 UB 40
15%
🎶 Games People Play 🎶 Don't Answer Me 🇬🇧 Alan Parsons Project
14%
🎶 Beetlebum🎶 Out of Time 🇬🇧 Blur
14%
🎶 Roll Over Beethoven 🎶 Xanadu 🇬🇧 Electric Light Orchestra | ELO
14%
🎶 Heavy Cross 🎶 Move in the Right Direction 🇺🇸 Gossip
14%
🎶 Locomotive Breath 🎶 Living in the Past 🇬🇧 Jethro Tull
14%
🎶 Such a Shame 🎶 Living in Another World 🇬🇧 Talk Talk
14%
🎶 Love is like Oxygen🎶 Hell Raiser 🇬🇧 The Sweet
14%
🎶 Owner of a Lonely Heart 🎶 Hearts 🇬🇧 Yes
14%
🎶 Sunshine of Your Love 🎶 I Feel Free 🇬🇧 Cream
13%
🎶 Animal 🎶 2 Steps Behind 🇬🇧 Def Leppard
12%
🎶 I Want a New Drug 🎶 Jacob's Ladder 🇺🇸 Huey Lewis | The News
12%
🎶 Blue Monday 🎶 Round & Round 🇬🇧 New Order | Joy Division
12%
🎶 It's Raining Again 🎶 Give a Little Bit 🇬🇧 Supertramp
12%
🎶 This Corrosion 🎶 Temple of Love 🇬🇧 The Sisters of Mercy
12%
🎶 Is This Love 🎶 Don't Break My Heart Again 🇬🇧 Whitesnake
12%
🎶 One Step to Far 🎶 Insomnia 🇬🇧 Faithless
11%
🎶 Stupid Questions 🎶 Green & Grey 🇬🇧 New Model Army
11%
🎶 Sheila Take a Bow 🎶 The Charming Man 🇬🇧 The Smiths
11%
🎶 Dancing With Tears in My Eyes 🎶 All Stood Still 🇬🇧 Ultravox | Tiger Lily
11%
🎶 A Whiter Shade of Pale 🎶 A Salty Dog 🇬🇧 Procol Harum
10%
🎶 Burning Down the House 🎶 Once in a Lifetime 🇺🇸 Talking Heads
10%
🎶 Dandy 🎶 Death of a Clown 🇬🇧 The Kinks
10%
🎶 Ladies Night 🎶 Celebration 🇺🇸 Kool & the Gang
9%
🎶 Thanks for the Memory 🎶 Far Far Away 🇬🇧 Slade
9%
🎶 8 Miles High 🎶 Mr. Tambourine Man 🇺🇸 The Byrds
9%
🎶 Child of the Universe 🎶 Life is for Living 🇬🇧 Barkley James Harvest
8%
🎶 Original Sin 🎶 Disappear 🌏 AUS INXS
8%
🎶 Take the Money & Run 🎶 Fly Like an Eagle 🇬🇧 Steve Miller Band
8%
🎶 Neutron Dance 🎶 Slow Hand 🇺🇸 The Pointer Sisters
8%
🎶 Ava Adore🎶 Tonight, Tonight 🇺🇸 The Smashing Pumpkins
8%
🎶 Saturday Nite 🎶 System of Survival 🇺🇸 Earth, Wind & Fire
7%
🎶 Sometimes🎶 Blue Savannah 🇬🇧 Erasure
7%
🎶 Cosmic Girl 🎶 Virtual Insanity 🇬🇧 Jamiroquai
7%
🎶 Lucky Man 🎶 Black Moon 🇬🇧 Emerson, Lake & Palmer | ELP
6%
🎶 Somebody Help me 🎶 Keep on Running 🇬🇧 Spencer Davis Group
6%
🎶 Stop in the Name of Love 🎶 Where did our Love go 🇺🇸 The Supremes
6%
🎶 20th Century Boy🎶 Hot Love 🇬🇧 T. Rex
6%
🎶 Vicious Games 🎶 The Race 🇨🇭 Yello
6%
🎶 Teach Your Children 🎶 Marrakesh Express 🇬🇧 🇺🇸 Crosby, Stills, Nash & Young | CSNY
5%
🎶 Crazy on You 🎶 What About Love 🇺🇸 Heart
5%
🎶 It Must be Love 🎶 My Girl 🇬🇧 Madness
5%
🎶 Love is the Drug 🎶 Jealous Guy 🇬🇧 Roxy Music
5%
🎶 Brick House 🎶 3 Times a Lady 🇺🇸 The Commodores
5%
🎶 Treat Her Like a Lady 🎶 My Girl 🇺🇸 The Temptations
5%
🎶 Sunday Morning 🎶 Who Loves the Sun 🇺🇸 The Velvet Underground
5%
🎶 Minerva 🎶 Diamond Eyes 🇬🇧 Deftones
4%
🎶 Come Sail Away 🎶 Don't Let It End 🇺🇸 Styx
4%
🎶 Mindfields🎶 Voodoo People 🇬🇧 The Prodigy
4%
🎶 Fear Inoculum 🎶 Undertow 🇺🇸 Tool
4%
🎶 20 Years 🎶 Nancy Boy 🇬🇧 Placebo
3%
🎶 Don't be Late 🎶 Humble Stance 🍁 Saga
3%
🎶 King Harvest 🎶 Up on Cripple Creek 🍁 🇺🇸 The Band
3%
🎶 Turbulence 🎶 Distance over Time 🇺🇸 Dream Theater
2%
🎶 Risingson🎶 Teardrop 🇬🇧 Massive Attack
2%
🎶 Foolish Heart 🎶 Throwing Stones 🇺🇸 Greatful Dead
1%
🎶 Let Me Go! 🎶 Come Live With Me 🇬🇧 Heaven 17
1%
🎶 Isle of Man 🎶 Burning Inside 🇺🇸 Ministry
1%
🎶 You'll Follow Me Down 🎶 Charlie Big Potato 🇬🇧 Skunk Anansie
1%
Keine übereinstimmenden Quizze gefunden
Verteilung der Resultate
Anzahl Personen mit jedem Resultat
Perzentil nach korrekt beantworteten Fragen
Ihre Resultats-Entwicklung
Sie haben dieses Quiz noch nicht gespielt